1876 1205 1381 1840 1877 1437 1679 1924 1364 1382 1856 1672 1607 1825 1502 1916 1367 1099 1870 1108 1813 1513 1408 1439 1806 1490 1199 1935 1601 1425 1767 1480 1462 1882 1519 1076 1535 1823 1027 1716 1083 1493 1368 1089 1186 1071 1855 1087 1131 1648 1959 1982 1314 1437 1066 1174 1358 1433 1094 1696 1035 1234 1318 1206 1291 1099 1578 1744 1885 1235 1333 1101 1076 1418 1056 1453 1881 1983 1009 1648 1043 1551 1827 1514 1475 1663 1158 1499 1299 1407 1030 1447 1547 1109 1619 1857 1503 1283 1703 BCNSPRNW ULIB Ver.6.0+V

เปลี่ยนเป็นภาษาไทย

Change to English
 แสดงรายละเอียดบรรณานุกรม
  กลับหน้าหลัก

Brief Record : Get Marc (ISO 2709) : E-mail record : QR code < ปิดหน้าต่าง
LEADER : 00000nam 2200000uu 4500
001    13399114357
003     ULIB
008    110627s||||||||th 000 0 tha d
020    9748327828
090    นว.^bค949ส ล.13
100 0  หวัง ซุก หยัง
245 00 สามก๊ก 13 ตอน อวสานราชวงศ์ฮั่น/^cหวัง ซุก หยัง
250    พิมพ์ครั้งที่ 1
260    กรุงเทพฯ :^bนานมีบุ๊คส์,^c2551
300    176 หน้า
710 1  นานมีบุ๊คส์
945    ^p158^l0^i024713
995    ทศพร
999 ^a ใช้งานได้ทุกระบบ
รายการนี้ยังไม่มีแท็ก
คุณยังไม่ได้ล็อกอิน คุณสามารถมีกิจกรรมร่วมกับเว็บไซต์ได้ แต่ต้องล็อกอินก่อน ::
  ล็อกอิน

รายการสื่อสารสนเทศ

ลำดับที่ ประเภท เลขเรียก/บาร์โค้ด สถานที่ สถานะ
1. นวนิยาย
นวนิยาย
นว. ค949ส ล.13 ฉ.1 
  Barcode: 024713
ห้องสมุดวิทยาเขตสวรรค์ประชารักษ์
►นวนิยาย
บนชั้น
  ขอยืม

รายการใกล้เคียง
    ผู้แต่ง [หวัง ซุก หยัง]

BibComment


ยังไม่เคยถูกคอมเมนท์

คอมเมนท์ทรัพยากรรายการนี้
  คอมเมนท์: สามก๊ก 13 ตอน อวส..


 Copyright 2026. Bcnsprnw @Library